Films avec des voyants ou mediums - Statistiques

Statistiques générales
  • Ce quiz a été pris 25 fois
  • Le résultat moyen est 6 sur 20
Statistiques - réponses
Par images Hint Réponse % Correct
1999 / Cole Sear Sixième Sens
88%
1990 / Oda Mae Brown Ghost
67%
1980 / Dick Hallorann et Danny Torrance Shining
67%
2013 / Lorraine Warren Conjuring, Les dossiers Warren
54%
2000 / Alex Browning Destination Finale
50%
2006 / Francis Lenoir Madame Irma
42%
2006 / Wendy Christensen Destination Finale 3
38%
2003 / Kimberly Corman et Clear Rivers Destination Finale 2
33%
2009 / Nick O'Bannon Destination Finale 4
33%
2011 / Sam Lawton Destination Finale 5
33%
2010 / Elise Rainier Insidious
29%
1982 / Tangina Barrons Poltergeist
29%
1995 / James Harvey Casper
17%
2015 / John Clancy Prémonitions
17%
2009 / Rham Jas Jusqu' en enfer / Drag Me To Hell
13%
2000 / Annie Wilson Intuitions / The Gift
8%
2010 / George Lonegan Au-delà / Hereafter
4%
2012 / Simon Silver Red Lights
4%
2001 / Alban Voyance et Manigance
4%
2007 / Mary McGarvie Au delà de l'illusion / Death Defying Acts
0%
Aucun quiz correspondant
Distribution des résultats
% des personnes avec chaque résultat
Percentile par nombre de réponses
Votre historique - résultats
Vous n’avez pas pris ce quiz